Statistics for First 10 Capital Cities Alphabetically

Click here to take the quiz!

General Stats

  • This quiz has been taken 37 times
  • The average score is 8 of 10

Answer Stats

Answer% Correct
Amsterdam
91%
Accra
88%
Addis Ababa
88%
Abuja
85%
Antananarivo
79%
Algiers
74%
Andorra La Vella
71%
Abu Dhabi
68%
Amman
68%
Ankara
68%

Score Distribution

Percentile by Number Answered

Percent of People with Each Score

Your Score History

You have not taken this quiz